Wypisz wszystkich sąsiadów następujących krajów #2 - Statystyki

Ogólne statystyki
  • Ten quiz został rozwiązany 5 140 razy
    5 137 od ostatniego zresetowania
  • Średni wynik to 32 z 38
Statystyki odpowiedzi
Hint Odpowiedź % Poprawnych
Irak
98%
Arabia Saudyjska Irak
98%
Niemcy
96%
Austria Czechy
94%
Szwajcaria
94%
Brazylia
93%
Słowenia
93%
Włochy
92%
Boliwia Argentyna
91%
Chiny
91%
Serbia
91%
Węgry
91%
Chile
90%
Grecja
89%
Macedonia Albania
88%
Kosowo
88%
Peru
88%
Słowacja
88%
Bułgaria
87%
Oman
86%
Pakistan
86%
Pakistan
86%
Jemen
85%
Paragwaj
84%
Iran Afganistan
83%
Zjednoczone Emiraty Arabskie
83%
Nepal
80%
Katar
79%
Turcja
77%
Liechtenstein
75%
Jordania
74%
Indie Bangladesz
72%
Kuwejt
72%
Turkmenistan
72%
Bhutan
71%
Armenia
69%
Azerbejdżan
69%
Birma
62%
Nie znaleziono quizów pasujących do podanych kryteriów
Rozkład punktacji
Procent ludzi z każdym wynikiem
Percentyl według liczby udzielonych odpowiedzi
Twoja historia wyników
Nie rozwiązałeś tego quizu od ostatniego zresetowania